Mystery Taylor Swift Song #101 - Statistics

General Stats
  • This quiz has been taken 280 times
    239 since last reset
  • The average score is 96 of 175
Answer Stats
Song % Correct
I
89%
a
87%
Fearless
87%
you"
87%
you
87%
the
86%
It
83%
me
83%
and
82%
be
82%
your
82%
to
81%
ever
79%
he
79%
in
79%
my
78%
you're
77%
go
75%
it's
75%
I'm
74%
so
74%
that
74%
when
74%
for
73%
on
73%
by
72%
all
71%
hear
71%
was
71%
her
70%
of
70%
But
69%
know
69%
then
69%
like
68%
never
68%
"Never
68%
single
68%
"Too
68%
why"
68%
"Every
66%
every
66%
mine?
66%
what
66%
would
66%
at
65%
see
65%
been
64%
time
64%
time"
64%
away"
63%
away
63%
day
63%
"I've
63%
I've
63%
side"
63%
told
63%
got
61%
heart"
61%
heart
61%
"Here
61%
said
61%
just
60%
right
60%
will
60%
"Always
59%
eye
59%
fine"
59%
fine
59%
had
59%
life"
59%
look
59%
"Look
59%
Mr.
59%
"Perfect
59%
up
59%
Everything
58%
"Everything
58%
face"
58%
get
58%
his
58%
"Perfectly
58%
perfectly
58%
after
57%
"Change
55%
How's
55%
place
55%
waiting
55%
around
54%
breakin'
54%
breaking
54%
'Cause
54%
cry"
54%
Hello
54%
'round
54%
stay"
54%
you'd
54%
bad
53%
"Casually
53%
cruel"
53%
he's
53%
Mr. Perfectly Fine
53%
Now
53%
"Looked
52%
okay
52%
baby
51%
girl
51%
guy"
51%
new
51%
you'll
51%
alone"
49%
Miss
49%
Oh
49%
revolves
49%
takes
49%
Well
49%
best
48%
each
48%
fall
48%
goodbye
47%
about
46%
apart
46%
doesn't
46%
wonderful
46%
"Leaves
45%
brand
44%
end
44%
even
44%
goes
44%
since
44%
until
44%
"Gonna
43%
than
43%
last
42%
arm
41%
"Misery"
41%
name
41%
same
41%
thought
41%
apology
40%
heard
40%
eyes
39%
pickin'
39%
room
39%
late"
38%
suit
38%
put
37%
Forgets
36%
guess
35%
might
35%
through
35%
alright
34%
far
34%
"Insincere
34%
really
34%
seat
34%
pressed
33%
rest
33%
shame
33%
someday"
33%
someday
33%
such
32%
above
31%
anything
31%
different
31%
feeling
31%
past
31%
dignified
30%
fazed
29%
maybe
28%
wins"
27%
sense
26%
smug
23%
strategized
21%
Sashay
19%
No matching quizzes found
Score Distribution
Percent of People with Each Score
Percentile by Number Answered
Your Score History
You have not taken this quiz since the last reset